000 00292nam a2200121 4500
999 _c11585
_d11585
003 OSt
005 20230530185319.0
008 230530b ||||| |||| 00| 0 eng d
100 _aVirginia and lee McAlester
245 _aA Field guide to American houses
260 _bNew York
942 _2ddc